| 000 | 01500cam a2200325 4500 | ||
|---|---|---|---|
| 001 | 14165 | ||
| 005 | 20230410102057.0 | ||
| 008 | 060907n2001 dr spa | ||
| 010 | _a2005413318 | ||
| 020 | _a9993472018 | ||
| 035 | _9funglode14287 | ||
| 041 | _aspa | ||
| 050 | 1 | 4 |
_a118 JL 1138 _bE96 2001 |
| 082 | 0 | 0 | _a324.97293/055 |
| 111 | 2 |
_aSeminario sobre Reformas Electorales Pendientes _d(2000 : _cSanto Domingo, Dominican Republic) |
|
| 245 | 1 | 0 |
_aExperiencias regionales en distritos electorales : _bretos y expectativas sobre sufragio de dominicanos en el exterior. |
| 260 |
_aSanto Domingo : _bEditora Taller, _c2001 |
||
| 300 |
_a240 p. : _bill. ; _c21 cm. |
||
| 500 | _aResultados del Seminario sobre Reformas Electorales Pendientes Nov. 28-29, 2000 en Santo Domingo, Republica Dominicana y organizado por la Junta Central Electoral, Participación Ciudadana, International Foundation for Electoral Systems-IFFS, and National Democratic Institute-NDI. | ||
| 650 | 0 |
_aTransnational voting _zDominican Republic. |
|
| 650 | 0 |
_aElections _zDominican Republic. |
|
| 651 | 0 |
_aDominican Republic _xPolitics and government _y1961- |
|
| 650 | 4 |
_aElecciones _zRepública Dominicana |
|
| 650 | 4 |
_aVoto _zRepública Dominicana |
|
| 710 | 1 |
_aRepública Dominicana _bJunta Central Electoral. |
|
| 710 | 2 | _aParticipación Ciudadana . | |
| 710 | 2 | _aInternational Foundation for Electoral Systems. | |
| 710 | 2 | _aNational Democratic Institute for International Affairs. | |
| 942 |
_2lcc _cbk |
||
| 999 |
_c18581 _d18581 |
||